[Event "GRE-chT Online Rapid (Women) 1st"]
[Site "Tornelo INT"]
[Date "2021.02.21"]
[Round "6.4"]
[White "Moshou, Alexia"]
[Black "Dereka, Konstantina"]
[Result "1-0"]
[WhiteElo "1710"]
[BlackElo "1591"]
[PlyCount "85"]
[EventDate "2021.02.20"]
[EventType "team-swiss (rapid)"]
[EventRounds "9"]
[EventCountry "GRE"]
[SourceTitle "EXT 2023"]
[Source "ChessBase"]
[SourceDate "2022.10.05"]
[SourceVersion "1"]
[SourceVersionDate "2022.10.05"]
[SourceQuality "1"]

1. e4 Nf6 2. e5 Nd5 3. c4 Nb6 4. d4 d6 5. exd6 exd6 6. Nf3 Be7 7. Bd3 0-0 8. 0-0 Nc6 9. a3 Bg4 10. Be3 d5 11. c5 Nc4 12. Bxc4 dxc4 13. Nbd2 Qd5 14. h3 Bf5 15. Rc1 Bd3 16. Re1 Bf6 17. Qa4 Nxd4 18. Bxd4 Bxd4 19. Nxd4 Qxd4 20. Nxc4 Bxc4 21. Qxc4 Qxc4 22. Rxc4 Rfe8 23. Rxe8+ Rxe8 24. Rd4 Kf8 25. Kf1 Ke7 26. Ke2 Rd8 27. Ra4 a6 28. c6 Rb8 29. cxb7 Rxb7 30. b4 Rb6 31. Ra5 g6 32. Rc5 Kd6 33. Kd3 Rc6 34. Rxc6+ Kxc6 35. Kc4 f5 36. f4 h5 37. h4 Kb6 38. a4 c6 39. a5+ Kb7 40. Kc5 Kc7 41. g3 Kb7 42. Kd6 Ka7 43. Kxc6 1-0

[Event "GRE-chT Online Rapid (Women) 1st"]
[Site "Tornelo INT"]
[Date "2021.02.20"]
[Round "3.1"]
[White "Botsari, Anna Maria"]
[Black "Moshou, Alexia"]
[Result "1-0"]
[WhiteElo "2222"]
[BlackElo "1710"]
[PlyCount "97"]
[EventDate "2021.02.20"]
[EventType "team-swiss (rapid)"]
[EventRounds "9"]
[EventCountry "GRE"]
[SourceTitle "EXT 2023"]
[Source "ChessBase"]
[SourceDate "2022.10.05"]
[SourceVersion "1"]
[SourceVersionDate "2022.10.05"]
[SourceQuality "1"]

1. d4 d5 2. c4 e6 3. Nf3 Nf6 4. g3 dxc4 5. Qa4+ Nbd7 6. Qxc4 a6 7. Bg2 b5 8. Qb3 Bb7 9. 0-0 c5 10. Rd1 c4 11. Qc2 Rc8 12. a3 Be7 13. Nc3 0-0 14. e4 b4 15. axb4 Bxb4 16. e5 Nd5 17. Ng5 g6 18. Nxd5 exd5 19. e6 Nf6 20. exf7+ Rxf7 21. Nxf7 Kxf7 22. Bg5 Qb6 23. Qe2 c3 24. bxc3 Rxc3 25. Qe5 Ne4 26. Bh6 Qf6 27. Qxf6+ Kxf6 28. Bxe4 dxe4 29. Bd2 Rc4 30. Bxb4 Rxb4 31. Rab1 Rb5 32. Rxb5 axb5 33. Rb1 Bc6 34. Kf1 Ke6 35. Ke2 Kd5 36. Ke3 Bd7 37. h4 Kc4 38. Rc1+ Kb3 39. d5 Kb2 40. Rc7 Bf5 41. Rb7 Kc3 42. Rxb5 Kc4 43. Ra5 Kb4 44. Ra7 Kc5 45. Rxh7 Kxd5 46. Ra7 Ke5 47. Ra5+ Kf6 48. Kf4 Ke6 49. g4 1-0

[Event "Aspropyrgos op-A 1st"]
[Site "Aspropyrgos"]
[Date "2019.09.22"]
[Round "9"]
[White "Moshou, Alexia"]
[Black "Kaforos, Dimitrios Alkis"]
[Result "0-1"]
[WhiteElo "1586"]
[BlackElo "2219"]
[PlyCount "54"]
[EventDate "2019.09.14"]
[EventType "swiss"]
[EventRounds "9"]
[EventCountry "GRE"]
[SourceTitle "CBM 195 Extra"]
[Source "ChessBase"]
[SourceDate "2020.05.31"]
[SourceVersion "1"]
[SourceVersionDate "2020.05.31"]
[SourceQuality "1"]

1. e4 c5 2. Nf3 d6 3. d4 cxd4 4. Nxd4 Nf6 5. Nc3 g6 6. Bb5+ Nbd7 7. Bg5 Bg7 8. Bxf6 Bxf6 9. h4 Qb6 10. Nde2 Bg7 11. h5 a6 12. Nd5 Qa5+ 13. b4 Qd8 14. h6 Bxa1 15. Qxa1 e5 16. Qc3 0-0 17. Bxd7 Bxd7 18. Nef4 Rc8 19. Qb2 Ba4 20. Nc3 Bxc2 21. Nfd5 Bd3 22. f4 Bc4 23. fxe5 dxe5 24. Qd2 f5 25. exf5 Rxf5 26. g4 Qh4+ 27. Rxh4 Rf1# 0-1

[Event "Aspropyrgos op-A 1st"]
[Site "Aspropyrgos"]
[Date "2019.09.20"]
[Round "7"]
[White "Papaioannou, Dimitrios1111"]
[Black "Moshou, Alexia"]
[Result "0-1"]
[WhiteElo "1557"]
[BlackElo "1586"]
[PlyCount "116"]
[EventDate "2019.09.14"]
[EventType "swiss"]
[EventRounds "9"]
[EventCountry "GRE"]
[SourceTitle "CBM 195 Extra"]
[Source "ChessBase"]
[SourceDate "2020.05.31"]
[SourceVersion "1"]
[SourceVersionDate "2020.05.31"]
[SourceQuality "1"]

1. e4 c5 2. Nf3 Nc6 3. d4 cxd4 4. Nxd4 Nf6 5. Nc3 d6 6. Bg5 e6 7. Qd2 a6 8. 0-0-0 Bd7 9. f4 b5 10. Qe1 Qb6 11. Nxc6 Bxc6 12. Nd5 Bxd5 13. exd5 Kd7 14. dxe6+ fxe6 15. g3 Ng4 16. Bh3 Qe3+ 17. Qxe3 Nxe3 18. Rde1 Nf5 19. Re2 h6 20. Bh4 Nxh4 21. gxh4 Be7 22. Rxe6 Kd8 23. Rg1 Bf8 24. h5 Ra7 25. Bf5 Rf7 26. Bg6 Rxf4 27. Re8+ Kc7 28. Rge1 Rf2 29. Ra8 d5 30. c3 b4 31. cxb4 Bxb4 32. Rxh8 Bxe1 33. Rg8 Rxh2 34. Rxg7+ Kb6 35. Bf7 d4 36. Bc4 a5 37. Rd7 Kc5 38. Bf7 Bd2+ 39. Kb1 Be3 40. Bg6 Kc6 41. Be8 Kc5 42. Bg6 a4 43. Rc7+ Kb6 44. Rd7 d3 45. a3 Rh1+ 46. Ka2 d2 47. Bc2 Kb5 48. Rd5+ Kc4 49. Rd7 Bd4 50. Bxa4 d1Q 51. Bxd1 Rxd1 52. Rd6 Rd2 53. Kb1 Rxb2+ 54. Kc1 Rh2 55. Kd1 Kd3 56. Re6 Rxh5 57. a4 Rh2 58. Re1 Ra2 0-1

[Event "Aspropyrgos op-A 1st"]
[Site "Aspropyrgos"]
[Date "2019.09.19"]
[Round "6"]
[White "Moshou, Alexia"]
[Black "Kostouros, Alexandros"]
[Result "0-1"]
[WhiteElo "1586"]
[BlackElo "2063"]
[PlyCount "66"]
[EventDate "2019.09.14"]
[EventType "swiss"]
[EventRounds "9"]
[EventCountry "GRE"]
[SourceTitle "CBM 195 Extra"]
[Source "ChessBase"]
[SourceDate "2020.05.31"]
[SourceVersion "1"]
[SourceVersionDate "2020.05.31"]
[SourceQuality "1"]

1. e4 e5 2. Nf3 Nc6 3. Bb5 a6 4. Ba4 Nf6 5. 0-0 b5 6. Bb3 Bc5 7. Nxe5 Nxe5 8. d4 Bxd4 9. Qxd4 Qe7 10. Bg5 c5 11. Qd2 c4 12. Nc3 Bb7 13. Nd5 Bxd5 14. Bxf6 Qxf6 15. Qxd5 0-0 16. f4 Ng4 17. Qd2 cxb3 18. axb3 Qb6+ 19. Kh1 Qe3 20. Qxe3 Nxe3 21. Rf2 Rfe8 22. e5 f6 23. exf6 gxf6 24. Rd2 d5 25. Kg1 d4 26. c3 dxc3 27. bxc3 Red8 28. Rxd8+ Rxd8 29. Rxa6 Rd2 30. c4 Rxg2+ 31. Kh1 Rb2 32. Kg1 b4 33. Rxf6 Rb1+ 0-1

[Event "GRE-chT 46th"]
[Site "Rio Achaia"]
[Date "2018.07.15"]
[Round "7.11"]
[White "Petraki, Evaggelia"]
[Black "Moshou, Alexia"]
[Result "1-0"]
[WhiteElo "1814"]
[BlackElo "1582"]
[PlyCount "69"]
[EventDate "2018.07.10"]
[EventType "team"]
[EventRounds "7"]
[EventCountry "GRE"]
[SourceTitle "CBM 185 Extra"]
[Source "ChessBase"]
[SourceDate "2018.07.29"]
[SourceVersion "1"]
[SourceVersionDate "2018.07.29"]
[SourceQuality "1"]
[WhiteTeam "My Mountains"]
[BlackTeam "Kavalas OFS"]
[WhiteTeamCountry "GRE"]
[BlackTeamCountry "GRE"]

1. e4 e5 2. Nf3 Nf6 3. Nc3 Bb4 4. d3 d5 5. Bd2 Bg4 6. Be2 Nc6 7. h3 Bxf3 8. Bxf3 dxe4 9. Nxe4 Bxd2+ 10. Qxd2 Nd5 11. 0-0 Nd4 12. Bd1 Nf4 13. c3 Nde6 14. Ba4+ c6 15. Rad1 f5 16. Ng3 h5 17. Qe3 Qd5 18. f3 Qxa2 19. Bc2 Qxb2 20. Qd2 Qb6+ 21. Kh2 g6 22. Rde1 h4 23. Ne2 Nd5 24. d4 0-0-0 25. Rb1 Qc7 26. Ra1 exd4+ 27. Kh1 Ne3 28. Rfb1 Kb8 29. Bd3 Nf4 30. Nxf4 Qxf4 31. Qa2 Kc7 32. Qf7+ Kd6 33. Qf6+ Kd7 34. Rxb7+ Qc7 35. Qf7+ 1-0

[Event "GRE-chT 46th"]
[Site "Rio Achaia"]
[Date "2018.07.14"]
[Round "6.10"]
[White "Moshou, Alexia"]
[Black "Serpetsidaki, Eva"]
[Result "1/2-1/2"]
[WhiteElo "1582"]
[BlackElo "1591"]
[PlyCount "63"]
[EventDate "2018.07.10"]
[EventType "team"]
[EventRounds "7"]
[EventCountry "GRE"]
[SourceTitle "CBM 185 Extra"]
[Source "ChessBase"]
[SourceDate "2018.07.29"]
[SourceVersion "1"]
[SourceVersionDate "2018.07.29"]
[SourceQuality "1"]
[WhiteTeam "Kavalas OFS"]
[BlackTeam "OFI"]
[WhiteTeamCountry "GRE"]
[BlackTeamCountry "GRE"]

1. e4 c5 2. Nf3 Nc6 3. d4 cxd4 4. Nxd4 e5 5. Nf5 d5 6. Ng3 Nf6 7. Bg5 d4 8. Qf3 Be7 9. Bxf6 Bxf6 10. Nh5 Be6 11. a3 Rg8 12. Nxf6+ Qxf6 13. Qg3 Qg6 14. Qh4 f6 15. Rg1 Ke7 16. Bd3 h6 17. h3 Qg5 18. Qxg5 hxg5 19. Nd2 Rac8 20. Rc1 Kd7 21. Ke2 Na5 22. Rgd1 Nc4 23. Nxc4 Bxc4 24. Bxc4 Rxc4 25. c3 Rgc8 26. Rb1 Ke6 27. cxd4 exd4 28. Rd3 Ke5 29. Kf3 R8c7 30. Rbd1 a6 31. R1d2 b5 32. Kg4 1/2-1/2

[Event "GRE-chT 46th"]
[Site "Rio Achaia"]
[Date "2018.07.13"]
[Round "5.12"]
[White "Moshou, Alexia"]
[Black "Kouta, Vasiliki"]
[Result "1-0"]
[WhiteElo "1582"]
[BlackElo "1350"]
[PlyCount "129"]
[EventDate "2018.07.10"]
[EventType "team"]
[EventRounds "7"]
[EventCountry "GRE"]
[SourceTitle "CBM 185 Extra"]
[Source "ChessBase"]
[SourceDate "2018.07.29"]
[SourceVersion "1"]
[SourceVersionDate "2018.07.29"]
[SourceQuality "1"]
[WhiteTeam "Kavalas OFS"]
[BlackTeam "3 Stars 89"]
[WhiteTeamCountry "GRE"]
[BlackTeamCountry "GRE"]

1. e4 d6 2. d4 Nf6 3. Nc3 Nbd7 4. Bd3 e5 5. Nge2 Be7 6. 0-0 c6 7. Kh1 h6 8. f4 exd4 9. Nxd4 Nc5 10. h3 Nxd3 11. Qxd3 Qc7 12. f5 Bd7 13. Bf4 0-0-0 14. Nf3 Qa5 15. Qc4 d5 16. exd5 Nxd5 17. Bd2 Nxc3 18. Bxc3 Qc7 19. Bxg7 Rhg8 20. Be5 Bd6 21. Qf4 Bxe5 22. Qxe5 Qb6 23. Qf6 Qa6 24. Rf2 Qb5 25. Ne5 Qd5 26. c4 Qd4 27. Raf1 Rge8 28. Nxd7 Rxd7 29. Qxh6 Qxc4 30. b3 Qc3 31. f6 Re1 32. Qf4 Rxf1+ 33. Rxf1 Rd4 34. Qf5+ Kc7 35. Qe5+ Kb6 36. Qe7 Rf4 37. Rxf4 Qc1+ 38. Kh2 Qxf4+ 39. Kg1 Qd4+ 40. Kf1 Qa1+ 41. Qe1 Qxf6+ 42. Qf2+ Qxf2+ 43. Kxf2 Kc5 44. Kf3 Kd5 45. Kf4 Ke6 46. Kg5 c5 47. a4 b6 48. h4 Ke7 49. h5 Kf8 50. Kf6 a6 51. h6 Kg8 52. Ke5 b5 53. a5 c4 54. bxc4 bxc4 55. Kd4 Kh7 56. Kxc4 Kxh6 57. Kc5 f5 58. Kb6 f4 59. Kxa6 Kg5 60. Kb6 Kg4 61. a6 Kg3 62. a7 Kxg2 63. a8Q+ f3 64. Kc5 Kg3 65. Kd4 1-0

[Event "GRE-ch U20 Girls"]
[Site "Chania"]
[Date "2017.01.06"]
[Round "7.6"]
[White "Moshou, Alexia"]
[Black "Petraki, Argiro"]
[Result "1-0"]
[WhiteElo "1689"]
[BlackElo "1714"]
[PlyCount "77"]
[EventDate "2017.01.02"]
[EventType "swiss"]
[EventRounds "9"]
[EventCountry "GRE"]
[SourceTitle "EXT 2024"]
[Source "ChessBase"]
[SourceDate "2023.10.10"]
[SourceVersion "1"]
[SourceVersionDate "2023.10.10"]
[SourceQuality "1"]

1. c4 Nf6 2. d4 e6 3. Nc3 c5 4. d5 exd5 5. cxd5 d6 6. e4 g6 7. Bf4 a6 8. a4 Bg7 9. Bd3 0-0 10. Nge2 Ne8 11. Ng3 Nd7 12. 0-0 Rb8 13. Qd2 Ne5 14. Be2 Nc7 15. Bh6 b5 16. Bxg7 Kxg7 17. f4 Nd7 18. f5 c4 19. Qf4 Ne8 20. Qg4 Ne5 21. Qf4 Nf6 22. Qg5 Nfd7 23. f6+ Kh8 24. Rf4 Rg8 25. axb5 axb5 26. Raf1 b4 27. Nd1 Ra8 28. Rh4 Nf8 29. Rff4 Ned7 30. Bxc4 Ra1 31. Rf1 Qb6+ 32. Kh1 Qd4 33. Be2 Ba6 34. Bxa6 Rxd1 35. Rxd1 Qxd1+ 36. Nf1 Qa1 37. Bb5 Qxb2 38. Bxd7 Nxd7 39. Rxh7+ 1-0

[Event "GRE-ch U16 Girls"]
[Site "Kavala"]
[Date "2016.01.03"]
[Round "2"]
[White "Moshou, Alexia"]
[Black "Salahidou, Reveka"]
[Result "0-1"]
[WhiteElo "1636"]
[BlackElo "1926"]
[PlyCount "110"]
[EventDate "2016.01.02"]
[EventType "swiss"]
[EventRounds "9"]
[EventCountry "GRE"]
[SourceTitle "EXT 2024"]
[Source "ChessBase"]
[SourceDate "2023.10.10"]
[SourceVersion "1"]
[SourceVersionDate "2023.10.10"]
[SourceQuality "1"]

1. c4 Nf6 2. Nc3 g6 3. g3 Bg7 4. Bg2 0-0 5. d4 d6 6. e3 a5 7. Nge2 Nc6 8. 0-0 Bd7 9. a3 Qc8 10. Rb1 e5 11. b4 Bh3 12. d5 Ne7 13. e4 Bxg2 14. Kxg2 Nh5 15. c5 f5 16. Bg5 Bf6 17. Bh6 Rd8 18. f3 Kf7 19. Be3 f4 20. Bf2 fxg3 21. hxg3 axb4 22. axb4 Ng7 23. Rc1 h5 24. Qd3 Qd7 25. Nb5 Rdc8 26. Rc2 g5 27. Rfc1 Kg6 28. cxd6 cxd6 29. Rc7 Rxc7 30. Rxc7 Qd8 31. Rxb7 h4 32. g4 h3+ 33. Kh2 Ne8 34. Na7 Ng7 35. Nc6 Nxc6 36. dxc6 Ra1 37. Bb6 Qa8 38. Qd5 Qa2 39. Qxa2 Rxa2 40. c7 Rxe2+ 41. Kxh3 Ne6 42. Kg3 Rc2 43. Rb8 Nf4 44. Bf2 Rxc7 45. b5 Rc2 46. b6 Rb2 47. Rc8 Ne2+ 48. Kg2 Nd4 49. Rb8 Kf7 50. Kf1 Ke6 51. Be1 Be7 52. Bc3 Rb1+ 53. Kf2 Nb5 54. Ba5 Nd4 55. Ra8 Nc6 0-1

[Event "GRE-ch U16 Girls"]
[Site "Rio Achaia"]
[Date "2015.07.02"]
[Round "7.2"]
[White "Kokkota, Eleni"]
[Black "Moshou, Alexia"]
[Result "1-0"]
[WhiteElo "1629"]
[BlackElo "1486"]
[PlyCount "87"]
[EventDate "2015.06.26"]
[EventType "swiss"]
[EventRounds "9"]
[EventCountry "GRE"]
[SourceTitle "EXT 2024"]
[Source "ChessBase"]
[SourceDate "2023.10.10"]
[SourceVersion "1"]
[SourceVersionDate "2023.10.10"]
[SourceQuality "1"]

1. d4 c5 2. d5 e5 3. e4 d6 4. Bd3 g6 5. Be3 Bg7 6. h4 Nf6 7. f3 h5 8. Qd2 Nbd7 9. a4 Qc7 10. Na3 a6 11. Nh3 Nf8 12. Nf2 Rb8 13. b3 Bd7 14. a5 Bc8 15. Ke2 Ke7 16. b4 N8d7 17. c3 Ng8 18. g3 Nh6 19. Rhb1 f6 20. Nc4 Nf7 21. f4 Bh6 22. fxe5 fxe5 23. b5 Nf6 24. bxa6 bxa6 25. Rxb8 Qxb8 26. Qb2 Qxb2+ 27. Nxb2 Bxe3 28. Kxe3 g5 29. Na4 gxh4 30. gxh4 Ng4+ 31. Kf3 Nfh6 32. Nxg4 Nxg4 33. Nb6 Rf8+ 34. Kg3 Bb7 35. Rf1 Rg8 36. Rf5 Nf6+ 37. Rg5 Rb8 38. Rg7+ Kf8 39. Rg6 Ke7 40. Kf3 Kf7 41. Rxf6+ Kxf6 42. Nd7+ Ke7 43. Nxb8 Kd8 44. Nxa6 1-0

[Event "GRE-chT 42nd"]
[Site "Porto Rio"]
[Date "2014.06.30"]
[Round "4.6"]
[White "Moshou, Alexia"]
[Black "Liapi Zenebisi, Irini"]
[Result "1/2-1/2"]
[WhiteElo "1641"]
[BlackElo "1574"]
[PlyCount "126"]
[EventDate "2014.06.28"]
[EventType "team-swiss"]
[EventRounds "7"]
[EventCountry "GRE"]
[SourceTitle "CBM 161 Extra"]
[Source "ChessBase"]
[SourceDate "2014.08.29"]
[SourceVersion "1"]
[SourceVersionDate "2014.08.29"]
[SourceQuality "1"]
[WhiteTeam "Kavalas OFS"]
[BlackTeam "Aigaleo"]
[WhiteTeamCountry "GRE"]
[BlackTeamCountry "GRE"]

1. d4 Nf6 2. c4 e6 3. Nc3 Bb4 4. e3 0-0 5. Bd3 c5 6. Nge2 b6 7. Bd2 Bb7 8. 0-0 cxd4 9. exd4 d5 10. cxd5 Bxd5 11. Nxd5 Nxd5 12. Bxb4 Nxb4 13. Be4 N8c6 14. a3 Nd5 15. Bxh7+ Kxh7 16. Qc2+ g6 17. Qxc6 Rc8 18. Qa4 Kg7 19. Qxa7 Rc2 20. Qa6 Rxb2 21. Rab1 Rc2 22. Rfc1 Qc7 23. Qd3 Rc8 24. h3 Qc4 25. Qxc4 R8xc4 26. Kf1 Rxc1+ 27. Rxc1 Ra4 28. Ra1 Nb4 29. Nc3 Ra5 30. Rb1 Nc2 31. a4 Nxd4 32. Rxb6 Rc5 33. Ne2 Nxe2 34. Kxe2 Rc2+ 35. Ke3 Ra2 36. Rb4 Kf6 37. g3 Ke5 38. f4+ Kd6 39. Rd4+ Kc6 40. Ke4 Rh2 41. h4 Rg2 42. Rd3 Ra2 43. Ke5 Rxa4 44. Kf6 Ra7 45. g4 Ra4 46. Rf3 Ra7 47. h5 gxh5 48. gxh5 Ra5 49. h6 Rh5 50. Kg7 Rh2 51. Rg3 Kd5 52. h7 Ke4 53. h8Q Rxh8 54. Kxh8 Kxf4 55. Rg7 f5 56. Re7 e5 57. Kg7 e4 58. Kf6 e3 59. Re5 Kf3 60. Rxf5+ Kg2 61. Re5 Kf2 62. Kg5 e2 63. Rxe2+ Kxe2 1/2-1/2

[Event "GRE-ch U18 Girls"]
[Site "Thessaloniki"]
[Date "2014.01.06"]
[Round "5"]
[White "Peskelidou, Emanouela"]
[Black "Moshou, Alexia"]
[Result "1/2-1/2"]
[WhiteElo "1506"]
[BlackElo "1651"]
[PlyCount "117"]
[EventDate "2014.01.02"]
[EventType "swiss"]
[EventRounds "7"]
[EventCountry "GRE"]
[SourceTitle "EXT 2017"]
[Source "ChessBase"]
[SourceDate "2016.10.25"]
[SourceVersion "1"]
[SourceVersionDate "2016.10.25"]
[SourceQuality "1"]

1. e4 c5 2. Nf3 d6 3. Bb5+ Nd7 4. d4 cxd4 5. Qxd4 Ngf6 6. Bg5 e5 7. Qd3 h6 8. Bxf6 Qxf6 9. Nc3 a6 10. Bxd7+ Bxd7 11. Nd5 Qd8 12. 0-0 Be6 13. Nd2 Bxd5 14. Qxd5 Qc7 15. Nc4 Rc8 16. Ne3 Qc6 17. Rac1 Be7 18. c3 Bg5 19. Qxc6+ Rxc6 20. Rce1 Bxe3 21. Rxe3 Ke7 22. Rd1 Rd8 23. g3 b5 24. Kf1 g6 25. f4 f6 26. Ke2 Rd7 27. Red3 Rcc7 28. Rd5 Ke6 29. Kf3 h5 30. h3 f5 31. fxe5 dxe5 32. R5d3 Rxd3+ 33. Rxd3 Rd7 34. Rxd7 Kxd7 35. Ke3 Kd6 36. Kf3 Kc5 37. exf5 gxf5 38. g4 fxg4+ 39. hxg4 e4+ 40. Kxe4 hxg4 41. Kf4 Kc4 42. Kxg4 Kd3 43. Kf4 Kc2 44. Ke4 Kxb2 45. Kd4 Kxa2 46. c4 b4 47. c5 b3 48. c6 b2 49. c7 b1Q 50. c8Q Qd1+ 51. Ke3 a5 52. Qc6 Qb3+ 53. Ke2 a4 54. Kd2 Qb2+ 55. Qc2 a3 56. Kd1 Ka1 57. Qc1+ Qb1 58. Kd2 Ka2 59. Qc2+ 1/2-1/2

[Event "GRE-ch U18 Girls"]
[Site "Thessaloniki"]
[Date "2014.01.04"]
[Round "3"]
[White "Salahidou, Reveka"]
[Black "Moshou, Alexia"]
[Result "1-0"]
[WhiteElo "1693"]
[BlackElo "1651"]
[PlyCount "73"]
[EventDate "2014.01.02"]
[EventType "swiss"]
[EventRounds "7"]
[EventCountry "GRE"]
[SourceTitle "EXT 2017"]
[Source "ChessBase"]
[SourceDate "2016.10.25"]
[SourceVersion "1"]
[SourceVersionDate "2016.10.25"]
[SourceQuality "1"]

1. e4 e5 2. Nf3 Nf6 3. Nxe5 d6 4. Nf3 Nxe4 5. d4 Be7 6. Bd3 d5 7. 0-0 0-0 8. Bf4 Bg4 9. c3 Nd7 10. Qe2 Ndf6 11. Qe3 Bd6 12. Ne5 Re8 13. f3 Nh5 14. fxe4 Bxe5 15. dxe5 Nxf4 16. Qxf4 Be6 17. Nd2 d4 18. Bc4 dxc3 19. Bxe6 fxe6 20. bxc3 Qe7 21. Nb3 a5 22. Nd4 Qc5 23. Kh1 Qe7 24. Qg4 c5 25. Nb5 Rf8 26. Nd6 Rxf1+ 27. Rxf1 Rf8 28. Rxf8+ Kxf8 29. c4 g6 30. Qf3+ Kg7 31. Qf6+ Qxf6 32. Ne8+ Kf7 33. Nxf6 h5 34. Nd7 b5 35. cxb5 c4 36. Nc5 Ke7 37. a4 1-0

[Event "EU-ch U14 Girls 23rd"]
[Site "Budva"]
[Date "2013.10.06"]
[Round "7"]
[White "Antolak, Julia"]
[Black "Moshou, Alexia"]
[Result "1-0"]
[WhiteElo "1753"]
[BlackElo "1647"]
[PlyCount "67"]
[EventDate "2013.09.29"]
[EventType "swiss"]
[EventRounds "9"]
[EventCountry "MNE"]
[SourceTitle "EXT 2014"]
[Source "ChessBase"]
[SourceDate "2013.11.20"]
[SourceVersion "1"]
[SourceVersionDate "2013.11.20"]
[SourceQuality "1"]

1. d4 Nf6 2. c4 c5 3. Nf3 e6 4. d5 exd5 5. cxd5 d6 6. h3 b5 7. e3 a6 8. Bd3 Bb7 9. e4 g6 10. 0-0 Bg7 11. a4 c4 12. Bc2 Nbd7 13. axb5 axb5 14. Rxa8 Qxa8 15. Bd2 0-0 16. Bb4 Nc5 17. Nc3 Qb8 18. Nd4 Na6 19. Na2 Nxb4 20. Nxb4 Ba8 21. Nbc6 Qb6 22. Qd2 Re8 23. Qb4 Nxe4 24. Qxb5 Bxd4 25. Nxd4 Qxb5 26. Nxb5 f5 27. Bxe4 Rxe4 28. Nxd6 Rd4 29. Nb5 Rxd5 30. Nc7 Rd8 31. Rc1 Be4 32. Ne6 Bxg2 33. Nxd8 Bxh3 34. Rxc4 1-0

[Event "EU-ch U14 Girls 23rd"]
[Site "Budva"]
[Date "2013.09.30"]
[Round "2"]
[White "Milovanova, Maria"]
[Black "Moshou, Alexia"]
[Result "0-1"]
[WhiteElo "1838"]
[BlackElo "1647"]
[PlyCount "132"]
[EventDate "2013.09.29"]
[EventType "swiss"]
[EventRounds "9"]
[EventCountry "MNE"]
[SourceTitle "EXT 2014"]
[Source "ChessBase"]
[SourceDate "2013.11.20"]
[SourceVersion "1"]
[SourceVersionDate "2013.11.20"]
[SourceQuality "1"]

1. d4 g6 2. g3 Bg7 3. Bg2 c5 4. d5 f5 5. c4 d6 6. Qc2 Na6 7. Bd2 Nc7 8. Nc3 Nf6 9. Nf3 0-0 10. 0-0 a6 11. a4 Rb8 12. a5 e5 13. dxe6 Bxe6 14. Na4 Ne4 15. Rfd1 Qe7 16. Bf4 g5 17. Nxg5 Nxg5 18. Bxd6 Qf7 19. Bxf8 Qxf8 20. Nb6 Qe7 21. Rab1 Nf7 22. Nd5 Nxd5 23. Bxd5 Nd6 24. Qd3 Nf7 25. Qc2 Rd8 26. e4 Bxd5 27. exd5 Nd6 28. Re1 Qc7 29. Re6 Qxa5 30. b3 Bc3 31. g4 fxg4 32. Re7 Bg7 33. Qe2 Qc3 34. Qxg4 Qf6 35. Re6 Qf5 36. Qxf5 Nxf5 37. Rbe1 Nd4 38. Re8+ Rxe8 39. Rxe8+ Kf7 40. Rb8 b5 41. Rb7+ Kf8 42. Kg2 b4 43. d6 Bf6 44. Rb8+ Kf7 45. d7 Ne6 46. Kf3 Bd8 47. Kg4 Ke7 48. Rb7 Nd4 49. f4 Nxb3 50. Kf5 a5 51. Ke5 a4 52. Ra7 a3 53. f5 Nc1 54. Kd5 a2 55. Ra6 Kxd7 56. Ra7+ Kc8 57. Ra8+ Kb7 58. Rxd8 a1Q 59. Ke6 Kc7 60. Rd7+ Kc8 61. Rd6 Qa8 62. Rd5 Qc6+ 63. Ke7 Qxd5 64. cxd5 Nd3 65. d6 Ne5 66. f6 Nd7 0-1

[Event "GRE-ch U14 Girls"]
[Site "Patras"]
[Date "2013.07.09"]
[Round "2.2"]
[White "Kokkota, Eleni"]
[Black "Moshou, Alexia"]
[Result "1-0"]
[WhiteElo "1484"]
[BlackElo "1611"]
[PlyCount "103"]
[EventDate "2013.07.08"]
[EventType "swiss"]
[EventRounds "9"]
[EventCountry "GRE"]
[SourceTitle "EXT 2024"]
[Source "ChessBase"]
[SourceDate "2023.10.10"]
[SourceVersion "1"]
[SourceVersionDate "2023.10.10"]
[SourceQuality "1"]

1. d4 Nf6 2. Nf3 d5 3. Bg5 Bf5 4. c4 e6 5. e3 Be7 6. Nc3 Nbd7 7. cxd5 Nxd5 8. Bxe7 Qxe7 9. Nxd5 exd5 10. Qb3 Nb6 11. Rc1 c6 12. Be2 0-0 13. Nd2 Qg5 14. 0-0 Rfe8 15. Rfe1 h5 16. Nf3 Qh6 17. Nh4 Be4 18. Bd3 g5 19. Bxe4 Rxe4 20. Nf5 Qg6 21. Ng3 Re7 22. Qc2 Kg7 23. Nf5+ Kf6 24. Nxe7 Kxe7 25. Qxg6 fxg6 26. b3 Nd7 27. e4 dxe4 28. Rxe4+ Kf8 29. Rce1 Nf6 30. Re6 Kf7 31. Re7+ Kf8 32. Rxb7 Rd8 33. Rb4 Rd5 34. Re6 c5 35. Rc4 Kf7 36. Re5 Rxd4 37. Rxd4 cxd4 38. Rxg5 Ke6 39. Kf1 Ng4 40. h3 Ne5 41. f4 Nf7 42. Rxg6+ Kf5 43. Rg7 Kf6 44. Rg8 Nd6 45. g4 hxg4 46. hxg4 Ke6 47. Ke2 Kf7 48. Ra8 Ke6 49. Kd3 Kd5 50. Rxa7 Nb5 51. Rd7+ Kc6 52. Rxd4 1-0

[Event "GRE-ch U14 Girls"]
[Site "Rio Achaia"]
[Date "2012.06.26"]
[Round "4.1"]
[White "Salahidou, Reveka"]
[Black "Moshou, Alexia"]
[Result "1-0"]
[WhiteElo "1596"]
[BlackElo "1670"]
[PlyCount "159"]
[EventDate "2012.06.24"]
[EventType "swiss"]
[EventRounds "7"]
[EventCountry "GRE"]
[SourceTitle "EXT 2024"]
[Source "ChessBase"]
[SourceDate "2023.10.10"]
[SourceVersion "1"]
[SourceVersionDate "2023.10.10"]
[SourceQuality "1"]

1. e4 c6 2. d4 d5 3. Nc3 dxe4 4. Nxe4 Bf5 5. Ng3 Bg6 6. Nf3 Nd7 7. Bc4 e6 8. 0-0 Ngf6 9. Re1 Bd6 10. c3 0-0 11. Nh4 Qc7 12. Nxg6 hxg6 13. Qd2 c5 14. b3 a5 15. dxc5 Nxc5 16. Qe3 Ng4 17. Qe2 Ne5 18. Ba3 Nxc4 19. Qxc4 Qc6 20. Rad1 Rfc8 21. Bxc5 Bxg3 22. hxg3 b5 23. Qd4 Qxc5 24. Qxc5 Rxc5 25. Rd3 Rac8 26. Rc1 Kf8 27. Kf1 Ke7 28. Ke2 Rd8 29. Rxd8 Kxd8 30. c4 a4 31. Kd3 axb3 32. axb3 bxc4+ 33. bxc4 Kc7 34. Ra1 Kb6 35. Ra8 Rf5 36. f3 Rg5 37. g4 f5 38. Rb8+ Kc6 39. Rb5 Kd6 40. Kd4 Kc6 41. Re5 Kd6 42. c5+ Kd7 43. g3 Ke7 44. Kc4 Kf6 45. c6 Kxe5 46. c7 fxg4 47. f4+ Kd6 48. c8Q Rf5 49. Qd8+ Kc6 50. Qe8+ Kd6 51. Qxg6 Rc5+ 52. Kd4 Ra5 53. Qxg4 Ra4+ 54. Kc3 Ra7 55. Qd1+ Ke7 56. Kb4 Rd7 57. Qg4 Kf6 58. Qg5+ Kf7 59. f5 exf5 60. Qxf5+ Ke8 61. Qe6+ Re7 62. Qg6+ Kd7 63. Kc4 Kc7 64. Kd5 Rd7+ 65. Kc5 Kd8 66. Kb6 Ke7 67. Qxg7+ Ke6 68. Qg6+ Ke5 69. Kc6 Rd4 70. g4 Rf4 71. Qg5+ Ke4 72. Qd5+ Ke3 73. g5 Rg4 74. Qe5+ Kf3 75. Kd5 Rg2 76. Qe4+ Kf2 77. g6 Rg5+ 78. Ke6 Rg3 79. Qf4+ Rf3 80. Qxf3+ 1-0